| 000 -LEADER |
| fixed length control field |
00664nam a22002177a 4500 |
| 003 - CONTROL NUMBER IDENTIFIER |
| control field |
OSt |
| 005 - DATE AND TIME OF LATEST TRANSACTION |
| control field |
20250303125825.0 |
| 008 - FIXED-LENGTH DATA ELEMENTS--GENERAL INFORMATION |
| fixed length control field |
250303b ||||| |||| 00| 0 eng d |
| 020 ## - INTERNATIONAL STANDARD BOOK NUMBER |
| International Standard Book Number |
9788180386121 |
| 040 ## - CATALOGING SOURCE |
| Transcribing agency |
imukc |
| 041 ## - LANGUAGE CODE |
| Language code of text/sound track or separate title |
eng |
| 082 ## - DEWEY DECIMAL CLASSIFICATION NUMBER |
| Classification number |
331.8 |
| Item number |
P2952 |
| 100 ## - MAIN ENTRY--PERSONAL NAME |
| 9 (RLIN) |
5819 |
| Personal name |
Patel, Vithalbhai B. |
| 245 ## - TITLE STATEMENT |
| Title |
Law on industrial disputes : |
| Remainder of title |
with central and state rules / |
| Statement of responsibility, etc. |
Vithalbhai B. Patel |
| 250 ## - EDITION STATEMENT |
| Edition statement |
4th ed. |
| 260 ## - PUBLICATION, DISTRIBUTION, ETC. |
| Place of publication, distribution, etc. |
Gurgaon : |
| Name of publisher, distributor, etc. |
LexisNexis Buterworths Wadhwa Nagpur, |
| Date of publication, distribution, etc. |
2010. |
| 300 ## - PHYSICAL DESCRIPTION |
| Extent |
3 v. ; |
| Dimensions |
25 cm |
| 500 ## - GENERAL NOTE |
| General note |
Volume 1 (Ss. 1 to 21) and Volume 2 (S.22 to End and Appendices. |
| 650 #0 - SUBJECT ADDED ENTRY--TOPICAL TERM |
| 9 (RLIN) |
5820 |
| Topical term or geographic name entry element |
Industrial law |
| 942 ## - ADDED ENTRY ELEMENTS (KOHA) |
| Source of classification or shelving scheme |
|
| Koha item type |
Books |